[Event "Uppsala op"]
[Site "Uppsala"]
[Date "2023.08.13"]
[Round "7"]
[White "Fernow, Tore"]
[Black "Eriksson, Alexander"]
[Result "1-0"]
[WhiteElo "1450"]
[BlackElo "1546"]
[PlyCount "61"]
[EventDate "2023.08.07"]
[EventType "swiss"]
[EventRounds "7"]
[EventCountry "SWE"]
[SourceTitle "CBM 215 Extra"]
[Source "ChessBase"]
[SourceDate "2023.09.30"]
[SourceVersion "1"]
[SourceVersionDate "2023.09.30"]
[SourceQuality "1"]

1. e4 e5 2. f4 exf4 3. Nf3 g5 4. Bc4 g4 5. 0-0 gxf3 6. Qxf3 Qf6 7. e5 Qxe5 8. Bxf7+ Kxf7 9. d4 Qxd4+ 10. Be3 Qf6 11. Bxf4 Bc5+ 12. Kh1 d6 13. Qh5+ Kg7 14. Bh6+ Nxh6 15. Rxf6 Kxf6 16. Qxh6+ Kf7 17. Nc3 Bd4 18. Rf1+ Ke8 19. Nb5 Bxb2 20. Nxc7+ Kd7 21. Rf7+ Kc6 22. Nxa8 Re8 23. Rc7+ Kb5 24. Qd2 Nc6 25. Rxh7 Re5 26. h3 Be6 27. Nc7+ Kc5 28. Nxe6+ Rxe6 29. Rxb7 Bd4 30. Rc7 d5 31. a3 1-0

[Event "Uppsala op"]
[Site "Uppsala"]
[Date "2023.08.10"]
[Round "4"]
[White "Persson, Lars"]
[Black "Eriksson, Alexander"]
[Result "0-1"]
[WhiteElo "1936"]
[BlackElo "1546"]
[PlyCount "122"]
[EventDate "2023.08.07"]
[EventType "swiss"]
[EventRounds "7"]
[EventCountry "SWE"]
[SourceTitle "CBM 215 Extra"]
[Source "ChessBase"]
[SourceDate "2023.09.30"]
[SourceVersion "1"]
[SourceVersionDate "2023.09.30"]
[SourceQuality "1"]

1. d4 Nf6 2. c4 e6 3. Nc3 Bb4 4. e3 b6 5. Bd3 Bb7 6. Nge2 0-0 7. 0-0 d5 8. a3 Be7 9. cxd5 Nxd5 10. e4 Nxc3 11. bxc3 c5 12. Be3 cxd4 13. cxd4 Nd7 14. e5 Rc8 15. Nf4 Re8 16. Qh5 Nf8 17. a4 Rc3 18. Rfc1 Bb4 19. Bb5 Re7 20. Rxc3 Bxc3 21. Rc1 Rc7 22. Ne2 Bb4 23. Rxc7 Qxc7 24. h3 a6 25. Bd3 Qc6 26. Qg4 Qxa4 27. Nf4 Qd7 28. h4 Be7 29. Nh5 Ng6 30. f4 Bc8 31. Ng3 Nxh4 32. Ne4 Nf5 33. Nf6+ Bxf6 34. exf6 g6 35. Bxf5 exf5 36. Qh4 Qe6 37. Bf2 b5 38. d5 Qxd5 39. Qh6 Qd1+ 40. Kh2 Qh5+ 41. Qxh5 gxh5 42. Bc5 a5 43. Kg3 b4 44. Kh4 Bb7 45. g3 Bf3 46. Kg5 Bg4 47. Kh6 b3 48. Ba3 a4 49. Bb2 Kf8 50. Kxh7 Ke8 51. Kg7 Bf3 52. Ba3 Bd5 53. Kh6 Kd7 54. Kxh5 Be6 55. Kh6 Kc6 56. Kg7 Kd5 57. g4 fxg4 58. f5 Bxf5 59. Kxf7 Be6+ 60. Ke7 g3 61. Bc5 g2 0-1

[Event "Uppsala Sportlov"]
[Site "Uppsala"]
[Date "2015.02.21"]
[Round "4"]
[White "Nilsson, Joakim"]
[Black "Eriksson, Alexander"]
[Result "1-0"]
[WhiteElo "1933"]
[BlackElo "1616"]
[PlyCount "111"]
[EventDate "2015.02.19"]
[EventType "tourn"]
[EventRounds "7"]
[EventCountry "SWE"]
[SourceTitle "CBM 164 Extra"]
[Source "ChessBase"]
[SourceDate "2015.03.02"]
[SourceVersion "1"]
[SourceVersionDate "2015.03.02"]
[SourceQuality "1"]

1. Nf3 d5 2. g3 Nf6 3. Bg2 Bf5 4. 0-0 e6 5. d4 Be7 6. c4 h6 7. Nc3 c6 8. Qb3 Qb6 9. Re1 0-0 10. Ne5 Nbd7 11. Nxd7 Nxd7 12. cxd5 exd5 13. Qd1 Bf6 14. e3 Rfe8 15. Na4 Qc7 16. Bd2 Nb6 17. Ba5 Bd8 18. Qb3 Be6 19. Rac1 Qd7 20. Nc5 Qc8 21. Qc3 Nd7 22. Nxe6 Bxa5 23. Qxa5 Rxe6 24. Bxd5 Re8 25. Bb3 Qd8 26. Qf5 Nf6 27. Rcd1 Qe7 28. Qd3 Rad8 29. Qc4 Qd7 30. Bc2 Qh3 31. Qf1 Qe6 32. Bb3 Qe7 33. Qg2 Qb4 34. Qf1 Qe7 35. Rd3 Qd7 36. Red1 Kf8 37. Qg2 Qf5 38. f3 Qd7 39. e4 Kg8 40. Qd2 Qc7 41. Qc3 Qb6 42. Kg2 Rc8 43. Qd2 Rcd8 44. Qf4 Rd7 45. R3d2 Red8 46. d5 cxd5 47. exd5 Qc5 48. d6 Qb6 49. Ba4 Nh5 50. Qe5 f6 51. Qxh5 Rxd6 52. Rxd6 Rxd6 53. Qe8+ Kh7 54. Bc2+ g6 55. Qe7+ Kh8 56. Rxd6 1-0